Statistics for Geography - Governorates of Iraq

Click here to take the quiz!

General Stats

  • This quiz has been taken 833 times
  • The average score is 8 of 19

Answer Stats

HintAnswer% Correct
CapitalBaghdad
95%
SouthAl Basra
80%
NorthNineveh
76%
Kurdish regionErbil
73%
NorthKirkuk
61%
The wild WestAl-Anbar
54%
SouthKarbala
41%
Kurdish regionSulaymaniyah
40%
SouthAl Najaf
39%
Kurdish regionDuhok
39%
NEW addition Kurdish region (2014)Halabja
35%
SouthBabil
34%
NorthSalah Al-Din
32%
SouthWasit
31%
NorthDiyala
28%
SouthThi Qar
27%
SouthAl Muthanna
23%
SouthMaysan
22%
SouthAl-Qadisiyah
20%

Score Distribution

Percentile by Number Answered

Percent of People with Each Score

Your Score History

You have not taken this quiz